[Event "13. Olimpiada por Equipos de Ajedrecist"]
[Site "Heraklio GRE"]
[Date "2008.10.19"]
[Round "1.1"]
[White "Berlinsky, Vladimir"]
[Black "Vlach, Karel"]
[Result "1-0"]
[WhiteElo "2325"]
[BlackElo "1400"]
[PlyCount "45"]
[EventDate "2008.10.18"]
[EventType "team-"]
[EventRounds "9"]
[EventCountry "GRE"]
[Source "lmi"]
[SourceDate "2008.10.19"]

1. e4 d6 2. d4 Nf6 3. Nc3 c6 4. f4 b5 5. a3 Qb6 6. e5 Nd5 7. Nxd5 cxd5 8. Bd3
Nc6 9. c3 a5 10. Qe2 Rb8 11. h3 e6 12. Nf3 g6 13. O-O h5 14. exd6 Bxd6 15. Ne5
Ne7 16. Bd2 Nf5 17. Be1 h4 18. Bf2 Be7 19. b3 Kf8 20. a4 b4 21. c4 dxc4 22.
Nxc4 Qd8 23. Qe5 1-0

[Event "13. Olimpiada por Equipos de Ajedrecist"]
[Site "Heraklio GRE"]
[Date "2008.10.19"]
[Round "1.1"]
[White "Kalik, Jan"]
[Black "Krylov, Sergey"]
[Result "0-1"]
[WhiteElo "2022"]
[BlackElo "2388"]
[PlyCount "60"]
[EventDate "2008.10.18"]
[EventType "team-"]
[EventRounds "9"]
[EventCountry "GRE"]
[Source "lmi"]
[SourceDate "2008.10.19"]

1. e4 c5 2. Nf3 e6 3. d4 cxd4 4. Nxd4 a6 5. Nc3 b5 6. Be2 b4 7. Na4 Bb7 8. Bf3
d6 9. c4 Nd7 10. Qc2 Ngf6 11. O-O Ne5 12. Re1 Be7 13. Bd1 Rc8 14. b3 O-O 15. f4
Nc6 16. Be3 Nxd4 17. Bxd4 d5 18. exd5 exd5 19. Bf3 Ne4 20. Rad1 Bf6 21. Bxe4
dxe4 22. Bc5 Qc7 23. Bd6 Qa5 24. Bxf8 Kxf8 25. Qf2 Bd8 26. Qd4 Bc6 27. Qc5+
Qxc5+ 28. Nxc5 Bb6 29. Kf1 Bxc5 30. g3 Ke7 0-1

[Event "13. Olimpiada por Equipos de Ajedrecist"]
[Site "Heraklio GRE"]
[Date "2008.10.19"]
[Round "1.2"]
[White "Poli, Diego"]
[Black "Baloha, Mykhailo"]
[Result "1-0"]
[WhiteElo "1400"]
[BlackElo "2170"]
[PlyCount "33"]
[EventDate "2008.10.18"]
[EventType "team-"]
[EventRounds "9"]
[EventCountry "GRE"]
[Source "lmi"]
[SourceDate "2008.10.19"]

1. d4 Nf6 2. Bf4 d5 3. e3 Bf5 4. Bd3 Bxd3 5. cxd3 Nbd7 6. Ne2 Nh5 7. Bg5 h6 8.
Bh4 g5 9. Bg3 c6 10. Nbc3 Bg7 11. O-O Nxg3 12. hxg3 Qb6 13. Qb3 e5 14. Rfe1
Qxb3 15. axb3 exd4 16. exd4 Kd8 17. Nb1 1-0

[Event "13. Olimpiada por Equipos de Ajedrecist"]
[Site "Heraklio GRE"]
[Date "2008.10.19"]
[Round "1.2"]
[White "Zsiltzova-Lisenko, Lubov"]
[Black "Pugliese, Giuseppe"]
[Result "1-0"]
[WhiteElo "2265"]
[BlackElo "1820"]
[PlyCount "53"]
[EventDate "2008.10.18"]
[EventType "team-"]
[EventRounds "9"]
[EventCountry "GRE"]
[Source "lmi"]
[SourceDate "2008.10.19"]

1. e4 c5 2. Nf3 Nc6 3. d4 cxd4 4. Nxd4 Qc7 5. Nc3 e6 6. f4 Bb4 7. Ndb5 Qb8 8.
a3 Be7 9. Be3 a6 10. Nd4 b5 11. Nxc6 dxc6 12. e5 f6 13. Bd3 f5 14. g4 Bh4+ 15.
Kf1 g6 16. Qf3 Bb7 17. gxf5 c5 18. Be4 Bxe4 19. Nxe4 exf5 20. Nd6+ Kf8 21. Qd5
Nh6 22. Bxc5 Kg7 23. e6 Be7 24. Bd4+ Bf6 25. e7 Qg8 26. Bxf6+ Kxf6 27. Qe5# 1-0

[Event "13. Olimpiada por Equipos de Ajedrecist"]
[Site "Heraklio GRE"]
[Date "2008.10.19"]
[Round "1.3"]
[White "Novak, Ivan"]
[Black "Dukaczewski, Piotr"]
[Result "0-1"]
[WhiteElo "2265"]
[BlackElo "2338"]
[PlyCount "64"]
[EventDate "2008.10.18"]
[EventType "team-"]
[EventRounds "9"]
[EventCountry "GRE"]
[Source "lmi"]
[SourceDate "2008.10.19"]

1. e4 c5 2. c3 e5 3. Nf3 Nc6 4. d4 cxd4 5. cxd4 exd4 6. Nxd4 Nf6 7. Nxc6 bxc6
8. Bd3 Bb4+ 9. Bd2 Qe7 10. O-O O-O 11. Re1 Rb8 12. Nc3 d6 13. Qc2 Ng4 14. h3
Ne5 15. Bf1 Re8 16. a3 Bc5 17. Na4 Bd4 18. Be3 c5 19. Bxd4 cxd4 20. f4 Ng6 21.
g3 Bd7 22. b4 Rec8 23. Qd1 Bxa4 24. Qxa4 Rc3 25. Kh2 h5 26. h4 Rbc8 27. Qd1
Rxg3 28. Kxg3 Rc3+ 29. Kh2 Qxh4+ 30. Kg1 Rg3+ 31. Bg2 Rxg2+ 32. Kxg2 Nxf4+ 0-1

[Event "13. Olimpiada por Equipos de Ajedrecist"]
[Site "Heraklio GRE"]
[Date "2008.10.19"]
[Round "1.3"]
[White "Orvisky, Vladimir"]
[Black "Zoltek, Tadeusz"]
[Result "0-1"]
[WhiteElo "1400"]
[BlackElo "2227"]
[PlyCount "77"]
[EventDate "2008.10.18"]
[EventType "team-"]
[EventRounds "9"]
[EventCountry "GRE"]
[Source "lmi"]
[SourceDate "2008.10.19"]

1. c4 e6 2. Nc3 d5 3. Nf3 Nf6 4. d4 c6 5. Bf4 dxc4 6. a4 Bb4 7. Bd2 Nbd7 8. Qc2
Qa5 9. e4 b5 10. Be2 Qb6 11. O-O Be7 12. e5 Nd5 13. Ne4 h6 14. b3 cxb3 15. Qxb3
b4 16. a5 Qc7 17. Rfc1 Rb8 18. Qa4 Bb7 19. Rab1 Ba8 20. Nc5 Bxc5 21. dxc5 Nxe5
22. Nd4 O-O 23. Qa1 Rfd8 24. Rb3 Bb7 25. f4 Ng6 26. f5 Ngf4 27. Bf3 e5 28. Ne2
Ba6 29. Nxf4 exf4 30. Rc2 Bb5 31. Bxd5 Rxd5 32. Rxb4 Rbd8 33. Qc3 Rd3 34. Qb2
Qd7 35. Bxf4 Rd1+ 36. Kf2 Rf1+ 37. Kg3 Qd3+ 38. Kg4 Qd1+ 39. Kh4 0-1

[Event "13. Olimpiada por Equipos de Ajedrecist"]
[Site "Heraklio GRE"]
[Date "2008.10.19"]
[Round "1.5"]
[White "Bischoff, Dieter"]
[Black "Vilas Boas, Crisolon Terto"]
[Result "1-0"]
[WhiteElo "2144"]
[BlackElo "1742"]
[PlyCount "37"]
[EventDate "2008.10.18"]
[EventType "team-"]
[EventRounds "9"]
[EventCountry "GRE"]
[Source "lmi"]
[SourceDate "2008.10.19"]

1. d4 f5 2. Bg5 c6 3. e3 d5 4. c4 Nd7 5. Nc3 Ndf6 6. Nf3 Ne4 7. Bh4 Ngf6 8. Bd3
Be6 9. c5 Bf7 10. Qb3 b6 11. cxb6 axb6 12. Ne5 Qc8 13. Nxc6 Qxc6 14. Bb5 Kd7
15. Rc1 Rc8 16. Bxf6 exf6 17. Nxe4 fxe4 18. Rxc6 Rxc6 19. Qa4 1-0

[Event "13. Olimpiada por Equipos de Ajedrecist"]
[Site "Heraklio GRE"]
[Date "2008.10.19"]
[Round "1.5"]
[White "Pohlers, Juergen"]
[Black "Hengles, Roberto Carlos"]
[Result "0-1"]
[WhiteElo "2112"]
[BlackElo "1976"]
[PlyCount "52"]
[EventDate "2008.10.18"]
[EventType "team-"]
[EventRounds "9"]
[EventCountry "GRE"]
[Source "lmi"]
[SourceDate "2008.10.19"]

1. d4 Nf6 2. c4 c5 3. d5 e6 4. Nc3 exd5 5. cxd5 d6 6. e4 g6 7. Bd3 Bg7 8. Nge2
a6 9. a4 Nbd7 10. O-O O-O 11. Ng3 Re8 12. f4 Qc7 13. Be3 c4 14. Be2 Nc5 15. Qc2
Ncxe4 16. Ncxe4 Nxe4 17. Nxe4 Bf5 18. Bf3 Bxe4 19. Bxe4 f5 20. Bxf5 Rxe3 21.
Be6+ Kh8 22. f5 Qb6 23. Rf2 Rb3 24. Raf1 Rxb2 25. Qe4 Bd4 26. Kh1 Rxf2 0-1

[Event "13. Olimpiada por Equipos de Ajedrecist"]
[Site "Heraklio GRE"]
[Date "2008.10.19"]
[Round "1.5"]
[White "Vaz Lucena, Jose"]
[Black "Frank, Schellmann"]
[Result "0-1"]
[WhiteElo "2144"]
[BlackElo "1400"]
[PlyCount "78"]
[EventDate "2008.10.18"]
[EventType "team-"]
[EventRounds "9"]
[EventCountry "GRE"]
[Source "lmi"]
[SourceDate "2008.10.19"]

1. d4 f5 2. c4 Nf6 3. g3 g6 4. Bg2 Bg7 5. Nc3 d6 6. Nh3 Nc6 7. Rb1 O-O 8. O-O
Bd7 9. e3 e5 10. dxe5 dxe5 11. Qb3 Qc8 12. Ng5 h6 13. c5+ Kh8 14. Nf7+ Kh7 15.
Bxc6 Bxc6 16. Nxe5 Be8 17. Rd1 Ne4 18. Nxe4 Bxe5 19. Qd5 Bg7 20. Nd2 Bf7 21.
Qd3 Bxa2 22. Ra1 Rd8 23. Qb5 a6 24. Qa4 Bd5 25. Nc4 Qe6 26. Nd2 Bb3 27. Qb4
Bxd1 28. Qxb7 Qd5 29. Qxc7 Rac8 30. Qb6 Rc6 31. Qb7 Rxc5 32. Qe7 Rd7 33. Qe8
Ba4 34. f3 Rdc7 35. Qxa4 Rxc1+ 36. Nf1 Qxf3 37. Qxa6 R7c2 38. Qa8 Rg2+ 39. Kh1
Rxf1+ 0-1

[Event "13. Olimpiada por Equipos de Ajedrecist"]
[Site "Heraklio GRE"]
[Date "2008.10.19"]
[Round "1.6"]
[White "Aguilar Sevilla, Diego"]
[Black "Norum, Per Ivar"]
[Result "0-1"]
[WhiteElo "2149"]
[BlackElo "1400"]
[PlyCount "45"]
[EventDate "2008.10.18"]
[EventType "team-"]
[EventRounds "9"]
[EventCountry "GRE"]
[Source "lmi"]
[SourceDate "2008.10.19"]

1. e4 e5 2. Bc4 Nf6 3. d3 Nc6 4. c3 Be7 5. Nf3 O-O 6. O-O d5 7. exd5 Nxd5 8.
Re1 Bg4 9. Nbd2 Kh8 10. h3 Bh5 11. Ne4 Nb6 12. Bb3 f6 13. Be3 Nd5 14. Bc5 Nf4
15. Bc2 Bxc5 16. Nxc5 Qd5 17. Ne4 Rad8 18. Re3 Ne7 19. Qf1 Nf5 20. Ne1 Nxe3 21.
fxe3 Ne6 22. Bb3 Qc6 23. d4 0-1

[Event "13. Olimpiada por Equipos de Ajedrecist"]
[Site "Heraklio GRE"]
[Date "2008.10.19"]
[Round "1.6"]
[White "Draghici Flutur, Gavril"]
[Black "Strand, Magnus"]
[Result "1-0"]
[WhiteElo "2153"]
[BlackElo "1400"]
[PlyCount "30"]
[EventDate "2008.10.18"]
[EventType "team-"]
[EventRounds "9"]
[EventCountry "GRE"]
[Source "lmi"]
[SourceDate "2008.10.19"]

1. e4 e5 2. Nc3 Nf6 3. f4 d6 4. Nf3 Nc6 5. d4 exd4 6. Nxd4 Bg4 7. Nxc6 Bxd1 8.
Nxd8 Bxc2 9. Nxb7 Bxe4 10. Bb5+ Ke7 11. Nxe4 Nxe4 12. Bc6 d5 13. Bxd5 Kf6 14.
O-O Nc5 15. Be3 Nxb7 1-0

[Event "13. Olimpiada por Equipos de Ajedrecist"]
[Site "Heraklio GRE"]
[Date "2008.10.19"]
[Round "1.7"]
[White "Trkaljanov, Vladimir"]
[Black "Papadopoulos, Christos"]
[Result "1-0"]
[WhiteElo "2239"]
[BlackElo "1400"]
[PlyCount "53"]
[EventDate "2008.10.18"]
[EventType "team-"]
[EventRounds "9"]
[EventCountry "GRE"]
[Source "lmi"]
[SourceDate "2008.10.19"]

1. e4 c5 2. Nc3 d6 3. g3 Nc6 4. Bg2 e6 5. Nge2 g6 6. d4 cxd4 7. Nxd4 Bg7 8.
Ndb5 Bf8 9. Bf4 e5 10. Nd5 Qa5+ 11. Bd2 Qxb5 12. Nc7+ Kd8 13. Nxb5 a6 14. Nc3
Bd7 15. Nd5 h6 16. O-O Rb8 17. a4 Nge7 18. f4 Nxd5 19. exd5 Nd4 20. Be3 Nf5 21.
Bb6+ Ke8 22. Qe1 f6 23. g4 Ng7 24. fxe5 dxe5 25. Rxf6 Bxg4 26. Qxe5+ Kd7 27.
Rf7+ 1-0

[Event "13. Olimpiada por Equipos de Ajedrecist"]
[Site "Heraklio GRE"]
[Date "2008.10.19"]
[Round "1.8"]
[White "Couwenberg, Pieter"]
[Black "Hilton, Stephen H"]
[Result "0-1"]
[WhiteElo "1400"]
[BlackElo "1907"]
[PlyCount "68"]
[EventDate "2008.10.18"]
[EventType "team-"]
[EventRounds "9"]
[EventCountry "GRE"]
[Source "lmi"]
[SourceDate "2008.10.19"]

1. e4 c5 2. Nf3 d6 3. d4 cxd4 4. Nxd4 Nf6 5. Nc3 a6 6. Bg5 e6 7. f4 Qb6 8. Qd2
Qxb2 9. Rb1 Qa3 10. Rb3 Qa5 11. Be2 Nc6 12. Bxf6 gxf6 13. O-O Qc5 14. Kh1 Qxd4
15. Rd1 Qxd2 16. Rxd2 Be7 17. f5 Ne5 18. Na4 b5 19. Nb2 Bb7 20. fxe6 fxe6 21.
Bh5+ Kf8 22. Re2 Rg8 23. c4 Rg5 24. Bf3 Bc6 25. cxb5 axb5 26. h4 Rg6 27. Nd3
Nxf3 28. gxf3 Rg3 29. Nf4 Kf7 30. Kh2 Rgg8 31. Rbe3 e5 32. Nd5 Bxd5 33. exd5
Ra4 34. Kh3 f5 0-1

[Event "13. Olimpiada por Equipos de Ajedrecist"]
[Site "Heraklio GRE"]
[Date "2008.10.19"]
[Round "1.8"]
[White "Crouch, Colin S"]
[Black "Van Loy, Rick"]
[Result "1-0"]
[WhiteElo "2359"]
[BlackElo "1997"]
[PlyCount "37"]
[EventDate "2008.10.18"]
[EventType "team-"]
[EventRounds "9"]
[EventCountry "GRE"]
[Source "lmi"]
[SourceDate "2008.10.19"]

1. d4 Nf6 2. Nf3 d5 3. c4 e6 4. Nc3 dxc4 5. e3 c5 6. Bxc4 Nc6 7. O-O cxd4 8.
exd4 Bd6 9. Qe2 O-O 10. Rd1 a6 11. Bg5 b5 12. d5 bxc4 13. dxc6 Qc7 14. Qxc4 Rb8
15. Qd4 Nd5 16. Nxd5 exd5 17. Qxd5 Be7 18. Qe4 Bd6 19. Qd4 1-0

[Event "13. Olimpiada por Equipos de Ajedrecist"]
[Site "Heraklio GRE"]
[Date "2008.10.19"]
[Round "1.9"]
[White "Beelaert, Benoit"]
[Black "Pribeanu, Dacian"]
[Result "1/2-1/2"]
[WhiteElo "1867"]
[BlackElo "2232"]
[PlyCount "59"]
[EventDate "2008.10.18"]
[EventType "team-"]
[EventRounds "9"]
[EventCountry "GRE"]
[Source "lmi"]
[SourceDate "2008.10.19"]

1. e4 c6 2. d4 d5 3. exd5 cxd5 4. c4 Nf6 5. Nc3 e6 6. Nf3 Be7 7. cxd5 Nxd5 8.
Bd3 Nc6 9. O-O O-O 10. Re1 Bf6 11. Be4 Nce7 12. Qd3 h6 13. a3 Bd7 14. Bxd5 Nxd5
15. Nxd5 exd5 16. Qb3 Qb6 17. Qxb6 axb6 18. Bf4 Rfc8 19. Rac1 Bd8 20. Ne5 Be6
21. Rxc8 Rxc8 22. Rc1 Rxc1+ 23. Bxc1 f6 24. Nd3 Kf8 25. f3 Ke8 26. Kf2 Kd7 27.
Nb4 g5 28. g4 Bc7 29. h3 Bf7 30. Ke2 1/2-1/2

[Event "13. Olimpiada por Equipos de Ajedrecist"]
[Site "Heraklio GRE"]
[Date "2008.10.19"]
[Round "1.10"]
[White "Cajzler, Hinko"]
[Black "Koumtsis, Argiris"]
[Result "1-0"]
[WhiteElo "2171"]
[BlackElo "1400"]
[PlyCount "34"]
[EventDate "2008.10.18"]
[EventType "team-"]
[EventRounds "9"]
[EventCountry "GRE"]
[Source "lmi"]
[SourceDate "2008.10.19"]

1. d4 d5 2. c4 dxc4 3. Nf3 Nf6 4. Nc3 Bg4 5. Ne5 Be6 6. e3 Nbd7 7. Nxc4 Nd5 8.
e4 Nxc3 9. bxc3 Nf6 10. f3 Bxc4 11. Bxc4 e6 12. Rb1 b6 13. Bb5+ Nd7 14. Bc6 Rb8
15. Qa4 a5 16. O-O f6 17. e5 fxe5 1-0

[Event "13. Olimpiada por Equipos de Ajedrecist"]
[Site "Heraklio GRE"]
[Date "2008.10.19"]
[Round "1.10"]
[White "Dimopoulos, Anestis"]
[Black "Zaja, Stjepan"]
[Result "0-1"]
[WhiteElo "1400"]
[BlackElo "1815"]
[PlyCount "42"]
[EventDate "2008.10.18"]
[EventType "team-"]
[EventRounds "9"]
[EventCountry "GRE"]
[Source "lmi"]
[SourceDate "2008.10.19"]

1. e4 c5 2. c3 d6 3. d4 cxd4 4. cxd4 Nf6 5. Nc3 a6 6. Nf3 Bg4 7. Be2 e6 8. O-O
Be7 9. h3 Bh5 10. Be3 O-O 11. Rc1 Nbd7 12. e5 Ne8 13. Ne4 dxe5 14. dxe5 Bxf3
15. Bxf3 Nxe5 16. Be2 Nf6 17. Nxf6+ Bxf6 18. Bd4 Rc8 19. Bxe5 Bxe5 20. Rxc8 Qe8
21. b3 b5 0-1

[Event "13. Olimpiada por Equipos de Ajedrecist"]
[Site "Heraklio GRE"]
[Date "2008.10.19"]
[Round "1.10"]
[White "Managias, Alexios"]
[Black "Marendic, Vlatko"]
[Result "0-1"]
[WhiteElo "1400"]
[BlackElo "2089"]
[PlyCount "44"]
[EventDate "2008.10.18"]
[EventType "team-"]
[EventRounds "9"]
[EventCountry "GRE"]
[Source "lmi"]
[SourceDate "2008.10.19"]

1. e4 c5 2. Nf3 Nc6 3. d4 cxd4 4. Nxd4 Nf6 5. Nc3 e5 6. Nb3 Bb4 7. Bd3 d5 8.
exd5 Nxd5 9. Bd2 Bxc3 10. bxc3 O-O 11. O-O b6 12. c4 Nde7 13. c5 Be6 14. cxb6
axb6 15. Bc3 Ra4 16. Bb5 Ra7 17. Qxd8 Rxd8 18. Rfd1 Rxd1+ 19. Rxd1 Rxa2 20.
Bxe5 f6 21. Bc7 Rxc2 22. Nd2 Nd4 0-1

[Event "13. Olimpiada por Equipos de Ajedrecist"]
[Site "Heraklio GRE"]
[Date "2008.10.19"]
[Round "1.14"]
[White "Berggren, Patrik"]
[Black "Izak, Johannes Grove"]
[Result "1-0"]
[WhiteElo "1925"]
[BlackElo "1400"]
[PlyCount "95"]
[EventDate "2008.10.18"]
[EventType "team-"]
[EventRounds "9"]
[EventCountry "GRE"]
[Source "lmi"]
[SourceDate "2008.10.19"]

1. e4 d6 2. d4 Nf6 3. Nc3 g6 4. f4 Bg4 5. Nf3 Bg7 6. Bc4 Bxf3 7. Qxf3 Nbd7 8.
e5 dxe5 9. fxe5 O-O 10. exf6 Nxf6 11. Be3 c6 12. O-O Qd6 13. Rad1 h5 14. Bf4
Qb4 15. Bb3 Rad8 16. Be5 Ng4 17. Bxf7+ Kh7 18. Bxg6+ Kxg6 19. Qe4+ Kh6 20. Rxf8
Rxf8 21. Bf4+ Rxf4 22. Qxf4+ Kg6 23. Qe4+ Kh6 24. Qe6+ Kh7 25. Qf5+ Kh6 26.
Qf4+ Kh7 27. Qe4+ Kg8 28. h3 Nf6 29. Qd3 Nd5 30. Nxd5 cxd5 31. b3 Qd6 32. Qf5
Qc6 33. g4 hxg4 34. hxg4 e6 35. Qg6 Qd6 36. Kg2 Qa6 37. Rf1 Qe2+ 38. Rf2 Qe4+
39. Qxe4 dxe4 40. c3 Bh6 41. Re2 e3 42. Kf3 Kf7 43. Rxe3 Bxe3 44. Kxe3 Kf6 45.
c4 b6 46. Ke4 a6 47. d5 e5 48. g5+ 1-0

[Event "13. Olimpiada por Equipos de Ajedrecist"]
[Site "Heraklio GRE"]
[Date "2008.10.19"]
[Round "1.14"]
[White "Magnusson, Jorgen"]
[Black "Isaacs, William Samuel"]
[Result "1-0"]
[WhiteElo "2299"]
[BlackElo "1400"]
[PlyCount "37"]
[EventDate "2008.10.18"]
[EventType "team-"]
[EventRounds "9"]
[EventCountry "GRE"]
[Source "lmi"]
[SourceDate "2008.10.19"]

1. e4 b6 2. d4 Bb7 3. Bd3 Nf6 4. Qe2 e6 5. Nf3 d5 6. e5 Ne4 7. Nbd2 Nxd2 8.
Bxd2 c5 9. c3 c4 10. Bc2 Be7 11. h4 Qd7 12. Rh3 Nc6 13. Rg3 g6 14. Ng5 O-O 15.
Nxh7 Kxh7 16. Qh5+ Kg8 17. Rxg6+ fxg6 18. Qxg6+ Kh8 19. Qh7# 1-0

[Event "13. Olimpiada por Equipos de Ajedrecist"]
[Site "Heraklio GRE"]
[Date "2008.10.19"]
[Round "1.14"]
[White "Vosloo, Cicel Johannes"]
[Black "Gransmark, Patrik"]
[Result "0-1"]
[WhiteElo "1400"]
[BlackElo "1400"]
[PlyCount "98"]
[EventDate "2008.10.18"]
[EventType "team-"]
[EventRounds "9"]
[EventCountry "GRE"]
[Source "lmi"]
[SourceDate "2008.10.19"]

1. d4 d6 2. Nf3 Bg4 3. Nbd2 e6 4. e4 d5 5. e5 c5 6. c3 Nc6 7. Be2 Qb6 8. Qb3 f6
9. Qxb6 axb6 10. h3 Bh5 11. Bb5 h6 12. O-O O-O-O 13. a3 Nge7 14. Bxc6 Nxc6 15.
Re1 f5 16. Nh2 Be7 17. Ndf3 g5 18. g4 fxg4 19. Nxg4 Rdf8 20. Kg2 Bg6 21. Be3
Be4 22. Ngh2 h5 23. Bxg5 Bxg5 24. Rxe4 dxe4 25. Nxg5 Rhg8 26. h4 cxd4 27. cxd4
Nxd4 28. Rc1+ Kb8 29. Nf1 Nf3 30. Kh3 Nxg5+ 31. hxg5 Rxg5 32. Ne3 Rxe5 33. Rc2
Rc5 34. Re2 Rg8 35. Ng2 Rc1 36. Kh2 Rc4 37. Kh3 Rd4 38. Kh2 b5 39. Kh3 Rd1 40.
Kh2 Rd4 41. Kh3 Rd3+ 42. Kh2 Rf8 43. Ne3 Rd7 44. Ng2 Rdf7 45. Kg1 Rg8 46. Kf1
Rfg7 47. Rxe4 Rxg2 48. Re5 Rg1+ 49. Ke2 Rh8 0-1

[Event "13. Olimpiada por Equipos de Ajedrecist"]
[Site "Heraklio GRE"]
[Date "2008.10.19"]
[Round "1.17"]
[White "Kapnakis, Mihail"]
[Black "Tonteri, Ari"]
[Result "0-1"]
[WhiteElo "1400"]
[BlackElo "1986"]
[PlyCount "70"]
[EventDate "2008.10.18"]
[EventType "team-"]
[EventRounds "9"]
[EventCountry "GRE"]
[Source "lmi"]
[SourceDate "2008.10.19"]

1. e4 c5 2. c3 d5 3. exd5 Qxd5 4. d4 Nf6 5. Nf3 Bg4 6. Be2 e6 7. O-O Nc6 8. Be3
cxd4 9. cxd4 Be7 10. Nc3 Qd6 11. Rc1 O-O 12. Re1 Rfd8 13. Nb5 Qb8 14. Qa4 a6
15. Nc3 Nd5 16. Nxd5 Rxd5 17. Qb3 Bf6 18. Red1 h6 19. Rc4 Na5 20. Qb4 Nxc4 21.
Bxc4 Bxf3 22. gxf3 Rh5 23. f4 Qc7 24. Qc5 Rxc5 25. dxc5 Rd8 26. Rxd8+ Qxd8 27.
b4 Bd4 28. Bxd4 Qxd4 29. Bf1 Qxb4 30. c6 bxc6 31. Bxa6 Qb1+ 32. Bf1 Qxa2 33.
Kg2 c5 34. Kf3 c4 35. Bxc4 Qxc4 0-1

[Event "13. Olimpiada por Equipos de Ajedrecist"]
[Site "Heraklio GRE"]
[Date "2008.10.19"]
[Round "1.17"]
[White "Wikman, Bengt"]
[Black "Samiakos, Thanasis"]
[Result "1-0"]
[WhiteElo "1943"]
[BlackElo "1400"]
[PlyCount "23"]
[EventDate "2008.10.18"]
[EventType "team-"]
[EventRounds "9"]
[EventCountry "GRE"]
[Source "lmi"]
[SourceDate "2008.10.19"]

1. e4 g6 2. d4 Bg7 3. Bc4 d6 4. f4 Nd7 5. Nf3 c5 6. O-O Ngf6 7. Nc3 O-O 8. Kh1
cxd4 9. Qxd4 Qc7 10. Bb3 Nc5 11. Be3 Nfxe4 12. Nxe4 1-0

[Event "13. Olimpiada por Equipos de Ajedrecist"]
[Site "Heraklio GRE"]
[Date "2008.10.20"]
[Round "2.1"]
[White "Cizman, Gregor"]
[Black "Chojnowski, Marcin"]
[Result "1-0"]
[WhiteElo "1400"]
[BlackElo "2182"]
[PlyCount "55"]
[EventDate "2008.10.18"]
[EventType "team-"]
[EventRounds "9"]
[EventCountry "GRE"]
[Source "lmi"]
[SourceDate "2008.10.19"]

1. Nf3 Nf6 2. d4 g6 3. b3 Bg7 4. Bb2 O-O 5. e3 d6 6. Be2 Nbd7 7. O-O c5 8. c3
b6 9. Nbd2 Bb7 10. Re1 Rc8 11. Rc1 Rc7 12. h3 Qa8 13. Bf1 Ne4 14. Nxe4 Bxe4 15.
Nd2 Bc6 16. Qe2 Rfc8 17. Qd3 Nf6 18. Red1 Ne4 19. Nxe4 Bxe4 20. Qd2 cxd4 21.
exd4 h5 22. f3 Bc6 23. d5 Bd7 24. Re1 Rc5 25. Rxe7 Rxd5 26. Qf2 Qc6 27. c4 Bxb2
28. Qxb2 1-0

[Event "13. Olimpiada por Equipos de Ajedrecist"]
[Site "Heraklio GRE"]
[Date "2008.10.20"]
[Round "2.1"]
[White "Suder, Ryszard"]
[Black "Mlacnik, Janez"]
[Result "1-0"]
[WhiteElo "2174"]
[BlackElo "1870"]
[PlyCount "67"]
[EventDate "2008.10.18"]
[EventType "team-"]
[EventRounds "9"]
[EventCountry "GRE"]
[Source "lmi"]
[SourceDate "2008.10.19"]

1. e4 c5 2. Nf3 e6 3. d3 Nc6 4. g3 Nf6 5. Bg2 Be7 6. O-O O-O 7. Re1 d5 8. e5
Nd7 9. Nbd2 Qc7 10. Qe2 b5 11. Nf1 Bb7 12. h4 Rac8 13. Bf4 Nb6 14. h5 Nd4 15.
Qd1 Na4 16. Rb1 Ba8 17. N1d2 a5 18. c4 dxc4 19. dxc4 Nxf3+ 20. Bxf3 Bxf3 21.
Qxf3 b4 22. Ne4 Nb6 23. b3 a4 24. Rbd1 axb3 25. axb3 Rcd8 26. Qg4 Kh8 27. h6 g6
28. Bg5 Rxd1 29. Rxd1 Rd8 30. Bxe7 Qxe7 31. Nxc5 Kg8 32. Ne4 Rxd1+ 33. Qxd1 Nd7
34. Qxd7 1-0

[Event "13. Olimpiada por Equipos de Ajedrecist"]
[Site "Heraklio GRE"]
[Date "2008.10.20"]
[Round "2.2"]
[White "Medina, Edgardo"]
[Black "Draghici Flutur, Gavril"]
[Result "*"]
[WhiteElo "2153"]
[BlackElo "1869"]
[PlyCount "54"]
[EventDate "2008.10.18"]
[EventType "team-"]
[EventRounds "9"]
[EventCountry "GRE"]
[Source "lmi"]
[SourceDate "2008.10.19"]

1. e4 c5 2. Nf3 Nc6 3. d4 cxd4 4. Nxd4 Nf6 5. Nc3 d6 6. Bg5 e6 7. Qd2 Be7 8.
O-O-O O-O 9. f4 Nxd4 10. Qxd4 Qa5 11. e5 dxe5 12. fxe5 Rd8 13. Qf4 Rxd1+ 14.
Kxd1 Nd5 15. Nxd5 Qxd5+ 16. Bd3 Bxg5 17. Qxg5 Bd7 18. Rf1 Bb5 19. Rf3 h6 20.
Qe7 Rf8 21. Kc1 Bxd3 22. Rxd3 Qxg2 23. Rd7 Qxh2 24. Rxb7 Qf4+ 25. Kd1 Qd4+ 26.
Kc1 Qxe5 27. Rxa7 Qe1# *

[Event "13. Olimpiada por Equipos de Ajedrecist"]
[Site "Heraklio GRE"]
[Date "2008.10.20"]
[Round "2.2"]
[White "Pulvett, Daniel"]
[Black "Palacios Perez, Manuel"]
[Result "1/2-1/2"]
[WhiteElo "2207"]
[BlackElo "2195"]
[PlyCount "127"]
[EventDate "2008.10.18"]
[EventType "team-"]
[EventRounds "9"]
[EventCountry "GRE"]
[Source "lmi"]
[SourceDate "2008.10.19"]

1. e4 e6 2. d4 d5 3. e5 c5 4. c3 Qb6 5. Nf3 Bd7 6. a3 cxd4 7. cxd4 Bb5 8. Qb3
Bxf1 9. Qxb6 axb6 10. Kxf1 b5 11. Nc3 b4 12. Nb5 Kd7 13. a4 Nc6 14. Bd2 Be7 15.
Ke2 h5 16. Rhc1 Nh6 17. Bg5 Bxg5 18. Nxg5 f6 19. Nf3 Nf7 20. exf6 gxf6 21. Nh4
Rhg8 22. g3 Rac8 23. f4 Nd6 24. Kd3 Na5 25. Rxc8 Rxc8 26. Re1 Ndc4 27. Re2 Nb3
28. Rc2 Na1 29. Re2 Nb6 30. f5 Re8 31. fxe6+ Rxe6 32. Rxe6 Kxe6 33. Ng6 Nxa4
34. Nf4+ Kd7 35. Nxh5 Nxb2+ 36. Kd2 Nc4+ 37. Kc1 Kc6 38. Na7+ Kb6 39. Nc8+ Kc7
40. Na7 Nb3+ 41. Kc2 Nxd4+ 42. Kd3 Nf3 43. Nxf6 Kd6 44. Nb5+ Kc5 45. Nc7 Nce5+
46. Kc2 d4 47. Kb3 d3 48. Ne6+ Kb5 49. Ne4 d2 50. Nf2 Nxh2 51. Nd4+ Kc5 52. Nc2
Nf1 53. Nxb4 Nxg3 54. Kc3 Kb5 55. Kb3 Ne4 56. Nd1 Nf3 57. Nc2 Kc5 58. Nce3 Kd4
59. Nf5+ Kd3 60. Nb2+ Ke2 61. Kb4 Nf2 62. Kb5 Nd3 63. Ng3+ Ke3 64. Nf1+ 1/2-1/2

[Event "13. Olimpiada por Equipos de Ajedrecist"]
[Site "Heraklio GRE"]
[Date "2008.10.20"]
[Round "2.3"]
[White "Marendic, Vlatko"]
[Black "Berlinsky, Vladimir"]
[Result "1/2-1/2"]
[WhiteElo "2089"]
[BlackElo "2325"]
[PlyCount "20"]
[EventDate "2008.10.18"]
[EventType "team-"]
[EventRounds "9"]
[EventCountry "GRE"]
[Source "lmi"]
[SourceDate "2008.10.19"]

1. d4 Nf6 2. Nf3 c5 3. d5 b5 4. Bg5 Ne4 5. c3 Bb7 6. Bf4 a6 7. Qd3 f5 8. Nbd2
c4 9. Qd4 Nf6 10. Be5 Rg8 1/2-1/2